Italian Brainrot - Statistiques

Statistiques générales
  • Ce quiz a été pris 3 026 fois
    1 482 depuis la dernière actualisation
  • Le résultat moyen est 5 sur 24
Statistiques - réponses
Par images Réponse % Correct
Brr Brr Patapim
79%
Bombardilo Crocodilo
49%
Tung Tung Tung Sahur
48%
Tralalelo Tralala
47%
Ballerina Cappuccina
45%
Frigo Camelo
38%
Cappuccino Assassino
35%
Fruli Frula
29%
Trippi Troppi
24%
Boneca Ambalabu
23%
Girafa Celeste
14%
Vaca Saturno Saturnita
11%
Glorbo Fruttodrillo
9%
Trulimero Trulicina
7%
Chimpazini Bananini
5%
Bobrito Bandito
4%
Bombobini Gusini
3%
Cacto Hipopotamo
3%
dindindun
3%
Lireli Larila
2%
Blueberini Octopussini
1%
Burbaloni Lulilo
1%
Piccione Musculone
1%
Zebrata Grenada
1%
Aucun quiz correspondant
Distribution des résultats
% des personnes avec chaque résultat
Percentile par nombre de réponses
Votre historique - résultats
Vous n’avez pas pris ce quiz depuis la dernière actualisation